000 00673nam a22001935i 4500
001 157657
003 ES-MaACL
005 20230906210810.0
008 040906s1872 gw |||| | eng d
040 _aCAM
_bspa
_cCAM
100 1 _aLever, Charles.
_9128919
245 1 0 _aLord Kilgobbin
_b: a tale of Irleand in owr own time /
_cby Charles Lever.
260 _aLeipzig :
_bBernhard Tauchnitz,
_c1872.
300 _a2 v. (372; 364 p.) ;
_c16 cm.
490 1 _aCollection of British Autors ;
_v1210; 1211
830 0 _aCollection of British Autors ;
_v1210; 1211
_9188124
852 _aES-MaACL
_jG-12635
_z-- Enc. hol.
_z-- Enc. 2 t. en 1 v.
999 _c157657
_d157657